Sports Quiz

Random Sports or Decade Quiz

Liverpool Players 2000-2009 Quiz Stats

 Plays Quiz not verified by Sporcle

Challenge
Share
Tweet
Embed
Score 0/112 Timer 15:00
2 Plays Today
Year Of Debut (in decade) Player Name % Correct
2000*Steven Gerrard
96.6%
2000*Jamie Carragher
91.9%
2007/08Fernando Torres
91.5%
2005/06Jose Reina
90%
2004/05Xabi Alonso
89.3%
2000*Michael Owen
88.8%
2001/02Jerzy Dudek
84%
2000*Sami Hyypia
84%
2000*Robbie Fowler
83.6%
2001/02John Arne Riise
80.8%
2006/07Dirk Kuyt
78.6%
2005/06Daniel Agger
78.5%
2004/05Luis Garcia
76%
2000*Vladimir Smicer
75.2%
2009/10Glen Johnson
74.5%
2007/08Martin Skrtel
74.4%
2007/08Ryan Babel
73.9%
2006/07Javier Mascherano
72.9%
2005/06Peter Crouch
72.4%
2000*Dietmar Hamann
72.4%
2000*Emile Heskey
72%
2003/04Steve Finnan
71.7%
2004/05Djibril Cissé
71.3%
2001/02Milan Baros
71%
2003/04Harry Kewell
69.4%
2007/08Lucas Leiva
68.4%
2000*Stephane Henchoz
67.4%
2000/01Djimi Traore
64.1%
2000*Danny Murphy
62.6%
2006/07Fábio Aurélio
62.4%
2000*Sander Westerveld
61.4%
2004/05Fernando Morientes
60.3%
2006/07Craig Bellamy
58.2%
2008/09David N'gog
57.3%
2006/07Álvaro Arbeloa
57.1%
2000*Patrik Berger
56.8%
2002/03El Hadji Diouf
56.7%
2003/04Paul Jones
56.4%
Year Of Debut (in decade) Player Name % Correct
2007/08Yossi Benayoun
55.7%
2000/01Markus Babbel
54.9%
2000/01Gary McAllister
54.4%
2008/09Albert Riera
53.8%
2000*Jamie Redknapp
52.6%
2001/02Chris Kirkland
52.4%
2000/01Igor Biscan
52.2%
2008/09Robbie Keane
51.9%
2008/09Jay Spearing
51.3%
2003/04Florent Sinama-Pongolle
51.2%
2005/06Mohamed Sissoko
50%
2002/03Neil Mellor
49.1%
2002/03Salif Diao
48.7%
2006/07Emiliano Insúa
48.3%
2006/07Jermaine Pennant
47.4%
2008/09Martin Kelly
46.6%
2009/10Alberto Aquilani
46%
2008/09Andrea Dossena
44%
2004/05Scott Carson
42.9%
2003/04Anthony Le Tallec
42.4%
2004/05Antonio Nunez
42.1%
2004/05Josemi Rey
40.9%
2007/08Andriy Voronin
40.6%
2001/02Nicolas Anelka
39%
2006/07Mark Gonzalez
38.3%
2000/01Jari Litmanen
37%
2002/03Bruno Cheyrou
36.7%
2000/01Nick Barmby
36.4%
2004/05Stephen Warnock
36.1%
2005/06Jan Kromkamp
35.4%
2000*Titi Camara
33.3%
2009/10Sotirios Kyrgiakos
32.7%
2001/02Abel Xavier
31.8%
2006/07James Smith
31%
2005/06Boudewijn Zenden
31%
2007/08Charles Itandje
29.7%
2006/07Nabil El Zhar
29.4%
2008/09Diego Cavalieri
28.4%
Year Of Debut (in decade) Player Name % Correct
2008/09Philipp Degen
28.4%
2000/01Christian Ziege
27.7%
2009/10Dani Pacheco
27.2%
2000/01Stephen Wright
26.7%
2000*Vegard Heggem
26.6%
2000*David Thompson
26.4%
2000/01Pegguy Arphexad
25.6%
2004/05Mauricio Pellegrino
25.6%
2009/10Daniel Ayala
25%
2008/09Stephen Darby
24.2%
2007/08Damien Plessis
23.6%
2000*Rigobert Song
22.6%
2006/07Gabriel Paletta
20%
2007/08Sebastian Leto
20%
2000*Dominic Matteo
19.7%
2000/01Gregory Vignal
19.2%
2002/03John Welsh
19%
2004/05Darren Potter
17.8%
2000/01Bernard Diomede
17.6%
2000*Steve Staunton
17.2%
2009/10Nathan Eccleston
17.1%
2000*Erik Meijer
16.7%
2007/08Jack Hobbs
16.6%
2004/05Zak Whitbread
15.6%
2000/01Richie Partridge
15.6%
2006/07Danny Guthrie
15.1%
2003/04Patrice Luzi
14.9%
2004/05David Raven
13.9%
2002/03Jon Otsemobor
13.6%
2001/02Frode Kippe
13.5%
2006/07Daniele Padelli
11.7%
2005/06Antonio Barragan
11.5%
2006/07Miki Roque
10%
2006/07Lee Peltier
9.7%
2004/05Mark Smyth
8.8%
2000*Jon Newby
8.2%

You're not logged in!

Compare scores with friends on all Sporcle quizzes.
Join for Free
OR
Log In

You Might Also Like...

Show Comments

Extras

Top Quizzes Today


Score Distribution

Your Account Isn't Verified!

In order to create a playlist on Sporcle, you need to verify the email address you used during registration. Go to your Sporcle Settings to finish the process.

Report this User

Report this user for behavior that violates our Community Guidelines.

Details: